Self Discovery/ (Record no. 192841)

MARC details
000 -LEADER
fixed length control field 00531nam a22001817a 4500
005 - DATE AND TIME OF LATEST TRANSACTION
control field 20221006164711.0
010 ## - LCCN (DPL NO)
LC control number ENG-135322
020 ## - INTERNATIONAL STANDARD BOOK NUMBER
International Standard Book Number 9788179664025
Terms of availability 500.00
035 ## - SYSTEM CONTROL NUMBER
System control number EN-118854
037 ## - SOURCE OF ACQUISITION
Source of stock number/acquisition DBAD/PUB
082 ## - DEWEY DECIMAL CLASSIFICATION NUMBER
Classification number 181.4
100 ## - MAIN ENTRY--PERSONAL NAME
Personal name Kalarani Ponna Kumar
245 ## - TITLE STATEMENT
Title Self Discovery/
Statement of responsibility, etc by Kalarani Ponna Kumar
260 ## - PUBLICATION, DISTRIBUTION, ETC. (IMPRINT)
Place of publication, distribution, etc Chennai
Name of publisher, distributor, etc Emerald Publishers
Date of publication, distribution, etc 2016
270 ## - ADDRESS
Address 15A,First Floor,Casa Major Road Egmore,
City Chennai
Postal code 600008
300 ## - PHYSICAL DESCRIPTION
Extent 195p.
Dimensions 22cm(pbk)
942 ## - ADDED ENTRY ELEMENTS (KOHA)
Source of classification or shelving scheme Dewey Decimal Classification
Item type English Books
Call number suffix KAL
Classification part 181.4
Holdings
Withdrawn status Lost status Not for loan Collection code Home library Current library Date acquired Source of acquisition Cost, normal purchase price Full call number Barcode Copy number Cost, replacement price Koha item type
      Non-fiction Bawana Bawana 06/10/2022 DBAD/PUB 500.00 181.4 KAL EN-118854 1 500.00 English Books

© Delhi Public Library
Hit Counter
free hit counter